000 00582nam a22001697a 4500
003 BD-DhUL
005 20180816115059.0
008 180816s1989 le ||||| |||| 00| 0 ara d
040 _aBD-DhUL
_cBD-DhUL
082 _a892.71
_bDUD
100 1 _aالدجیلی، عبد الصاحب عمران
245 1 _aدیوان دعبل بن علی الخزاعی /
_cعبد الصاحب عمران الدجیلی
_b
260 _aبيروت :
_bدار الکتا اللبنا نی،
_c۱۹۸۹۔
300 _aص۔ ۴۲۸ ؛
_c۲۳ سم۔
650 4 _aArabic poetry
942 _2ddc
_cBK
999 _c243179
_d243179